00493npc a2200169Ia 4500001001400000003001000014008004100024040002500065041000700090100001100097245006900108250001100177260002300188300001100211500008500222650001600307ist261-47432 IT-MiCISF161014s9999||||xx | und|| aIT-MiCISFcIT-MiCISF ait aAA.VV. 0aLa popolazione straniera residente in Italia al 1° gennaio 2008 a1a ed. a RomabIstatc2008 app. 17 aIstituto Nazionale di Statistica / popolazione, famiglia-migranti, statistica /  apopolazione